[Event "AUT-ch Open 2020"]
[Site "Graz"]
[Date "2020.02.19"]
[Round "7.21"]
[White "Frosch, Erich"]
[Black "Wallner, Dieter"]
[Result "1-0"]
[WhiteElo "2210"]
[BlackElo "2116"]
[Annotator "NA"]
[PlyCount "57"]
[EventDate "2020.02.14"]
[EventType "swiss"]
[EventCountry "AUT"]
[SourceTitle "playchess.com"]
[Source "ChessBase"]
[SourceQuality "1"]
[TimeControl "40/5400+30:1800+30"]

1. Nf3 {[%emt 0:00:00]} d5 {[%emt 0:00:00]} 2. b3 {[%emt 0:00:00]} Bf5 {[%emt 0:00:51]} 3. Bb2 {[%emt 0:00:00]} Nf6 {[%emt 0:00:49]} 4. e3 {[%emt 0:00:00]} e6 {[%emt 0:00:19]} 5. Nc3 {[%emt 0:00:00]} Be7 {[%emt 0:05:28]} 6. Ne2 {[%emt 0:00:48]} h6 {[%emt 0:05:14]} 7. Ng3 {[%emt 0:02:12]} Bh7 {[%emt 0:00:24]} 8. Be2 {[%emt 0:00:49]} Nbd7 {[%emt 0:00:31]} 9. O-O {[%emt 0:00:10]} O-O {[%emt 0:00:39]} 10. d3 {[%emt 0:00:26]} c6 {[%emt 0:04:56]} 11. Qd2 {[%emt 0:01:08]} a5 {[%emt 0:09:31]} 12. a3 {[%emt 0:00:16]} Qc7 {[%emt 0:02:39]} 13. Rac1 {[%emt 0:00:08]} b5 {[%emt 0:01:24]} 14. Nd4 {[%emt 0:01:31]} Rfe8 {[%emt 0:13:54]} 15. f4 {[%emt 0:01:37]} Bd6 {[%emt 0:05:45]} 16. c4 {[%emt 0:04:05]} bxc4 {[%emt 0:00:15]} 17. bxc4 {[%emt 0:00:30]} Qb7 {[%emt 0:06:42]} 18. cxd5 {[%emt 0:04:22]} cxd5 {[%emt 0:01:14]} 19. Rb1 {[%emt 0:03:11]} Reb8 {[%emt 0:02:13]} 20. Rfc1 {[%emt 0:04:29]} Nc5 {[%emt 0:05:57]} 21. Qd1 {[%emt 0:06:00]} Qd7 {[%emt 0:07:34]} 22. Nf3 {[%emt 0:07:21]} Ne8 {[%emt 0:05:42]} 23. Bd4 {[%emt 0:02:16]} Rxb1 {[%emt 0:00:47]} 24. Rxb1 {[%emt 0:00:08]} a4 {[%emt 0:00:48]} 25. Ne5 {[%emt 0:03:29]} Qe7 {[%emt 0:01:26]} 26. Bh5 {[%emt 0:04:11]} Bxe5 {[%emt 0:07:35]} 27. fxe5 {[%emt 0:04:36]} Nxd3 {[%emt 0:00:08]} 28. Be2 {[%emt 0:01:12]} Qxa3 {[%emt 0:00:22]} 29. Ra1 {[%emt 0:00:16]} 1-0

[Event "AUT-ch Open 2020"]
[Site "Graz"]
[Date "2020.02.19"]
[Round "7.22"]
[White "Novikov, Stanislav"]
[Black "Ninov, Dayan"]
[Result "1-0"]
[WhiteElo "2531"]
[BlackElo "2242"]
[Annotator "ChessBase"]
[PlyCount "97"]
[EventDate "2020.02.14"]
[EventType "swiss"]
[EventCountry "AUT"]
[SourceTitle "playchess.com"]
[Source "ChessBase"]
[SourceQuality "1"]
[TimeControl "40/5400+30:1800+30"]

1. c4 {[%emt 0:00:00]} c6 {[%emt 0:07:23]} 2. e4 {[%emt 0:01:21]} d5 {[%emt 0:00:53]} 3. cxd5 {[%emt 0:00:56]} cxd5 {[%emt 0:00:07]} 4. exd5 {[%emt 0:00:05]} Nf6 {[%emt 0:00:10]} 5. Nc3 {[%emt 0:07:23]} Nxd5 {[%emt 0:00:54]} 6. d4 {[%emt 0:00:19]} e6 {[%emt 0:00:56]} 7. Nf3 {[%emt 0:05:10]} Be7 {[%emt 0:00:10]} 8. Bd3 {[%emt 0:00:22]} Nxc3 {[%emt 0:02:48]} 9. bxc3 {[%emt 0:01:08]} Qc7 {[%emt 0:00:04]} 10. O-O {[%emt 0:02:49]} Nd7 {[%emt 0:02:13]} 11. d5 {[%emt 0:21:41]} e5 {[%emt 0:19:38]} 12. Bg5 {[%emt 0:14:59]} f6 {[%emt 0:03:40]} 13. Be3 {[%emt 0:04:02]} Nc5 {[%emt 0:05:28]} 14. Bc2 {[%emt 0:07:11]} O-O {[%emt 0:01:24]} 15. Nd2 {[%emt 0:11:24]} b5 {[%emt 0:22:40]} 16. c4 {[%emt 0:03:04]} Bd7 {[%emt 0:03:21]} 17. Qb1 {[%emt 0:08:59]} f5 {[%emt 0:01:11]} 18. cxb5 {[%emt 0:00:11]} Qb7 {[%emt 0:06:25]} 19. d6 {[%emt 0:02:24]} Bxd6 {[%emt 0:01:10]} 20. Nc4 {[%emt 0:00:10]} Be7 {[%emt 0:02:40]} 21. Nxe5 {[%emt 0:00:09]} Bxb5 {[%emt 0:05:22]} 22. Bxc5 {[%emt 0:03:07]} Bxc5 {[%emt 0:00:27]} 23. Qb3+ {[%emt 0:00:57]} Kh8 {[%emt 0:00:10]} 24. Rab1 {[%emt 0:00:28]} Rab8 {[%emt 0:09:25]} 25. a4 {[%emt 0:01:41]} Qc7 {[%emt 0:02:50]} 26. Ng6+ {[%emt 0:00:41]} hxg6 {[%emt 0:00:01]} 27. Qh3+ {[%emt 0:00:04]} Kg8 {[%emt 0:00:02]} 28. Bb3+ {[%emt 0:00:08]} Rf7 {[%emt 0:00:14]} 29. Bxf7+ {[%emt 0:01:50]} Qxf7 {[%emt 0:01:30]} 30. axb5 {[%emt 0:00:20]} Qc4 {[%emt 0:00:52]} 31. Qg3 {[%emt 0:01:13]} Rb6 {[%emt 0:00:33]} 32. Rfd1 {[%emt 0:00:53]} Qe2 {[%emt 0:00:43]} 33. Re1 {[%emt 0:00:34]} Qc4 {[%emt 0:00:34]} 34. h4 {[%emt 0:00:35]} Kh7 {[%emt 0:00:20]} 35. Rec1 {[%emt 0:00:24]} Qd4 {[%emt 0:00:31]} 36. Rd1 {[%emt 0:00:24]} Qc4 {[%emt 0:00:02]} 37. Rdc1 {[%emt 0:00:22]} Qd4 {[%emt 0:00:05]} 38. Qf3 {[%emt 0:00:29]} Qe5 {[%emt 0:01:22]} 39. Re1 {[%emt 0:00:21]} Qf6 {[%emt 0:00:20]} 40. h5 {[%emt 0:00:32]} g5 {[%emt 0:00:11]} 41. Qd5 {[%emt 0:30:48]} Be7 {[%emt 0:07:08]} 42. Qd7 {[%emt 0:00:00]} Bc5 {[%emt 0:04:40]} 43. Rbd1 {[%emt 0:00:00]} g4 {[%emt 0:06:21]} 44. Rd5 {[%emt 0:00:00]} g3 {[%emt 0:03:40]} 45. Rxc5 {[%emt 0:00:00]} gxf2+ {[%emt 0:00:14]} 46. Kxf2 {[%emt 0:00:00]} Qh4+ {[%emt 0:00:13]} 47. g3 {[%emt 0:00:00]} Qh2+ {[%emt 0:01:23]} 48. Kf3 {[%emt 0:00:00]} Rf6 {[%emt 0:03:26]} 49. Rc7 {[%emt 0:00:00]} 1-0

[Event "AUT-ch Open 2020"]
[Site "Graz"]
[Date "2020.02.19"]
[Round "7.22"]
[White "Prato, Simon"]
[Black "Ragger, Anna-Christina"]
[Result "0-1"]
[WhiteElo "2040"]
[BlackElo "2205"]
[Annotator "NA"]
[PlyCount "44"]
[EventDate "2020.02.14"]
[EventType "swiss"]
[EventCountry "AUT"]
[SourceTitle "playchess.com"]
[Source "ChessBase"]
[SourceQuality "1"]
[TimeControl "40/5400+30:1800+30"]

1. e4 {[%emt 0:00:00]} e5 {[%emt 0:00:00]} 2. Nf3 {[%emt 0:00:00]} Nc6 {[%emt 0:00:00]} 3. Bb5 {[%emt 0:00:35]} a6 {[%emt 0:00:00]} 4. Ba4 {[%emt 0:00:05]} Nf6 {[%emt 0:00:00]} 5. d3 {[%emt 0:00:05]} d6 {[%emt 0:00:16]} 6. c3 {[%emt 0:00:05]} g6 {[%emt 0:00:51]} 7. O-O {[%emt 0:01:25]} Bg7 {[%emt 0:02:08]} 8. Nbd2 {[%emt 0:01:45]} O-O {[%emt 0:00:19]} 9. Re1 {[%emt 0:03:17]} b5 {[%emt 0:01:24]} 10. Bc2 {[%emt 0:00:09]} Nh5 {[%emt 0:09:56]} 11. a4 {[%emt 0:08:29]} b4 {[%emt 0:05:35]} 12. Nf1 {[%emt 0:03:58]} Rb8 {[%emt 0:02:16]} 13. Ne3 {[%emt 0:15:53]} Nf4 {[%emt 0:02:23]} 14. Rb1 {[%emt 0:09:49]} d5 {[%emt 0:09:15]} 15. Bb3 {[%emt 0:13:00]} dxe4 {[%emt 0:08:17]} 16. dxe4 {[%emt 0:00:13]} Qxd1 {[%emt 0:01:12]} 17. Rxd1 {[%emt 0:09:34]} bxc3 {[%emt 0:01:20]} 18. Bc4 {[%emt 0:00:21]} Nd4 {[%emt 0:02:40]} 19. Nxd4 {[%emt 0:03:54]} exd4 {[%emt 0:00:18]} 20. Nc2 {[%emt 0:27:23]} Be6 {[%emt 0:12:40]} 21. Bxe6 {[%emt 0:00:00]} Nxe6 {[%emt 0:01:30]} 22. b3 {[%emt 0:00:00]} Rfd8 {[%emt 0:01:47]} 0-1

[Event "AUT-ch Open 2020"]
[Site "Graz"]
[Date "2020.02.19"]
[Round "7.23"]
[White "Stanec, Nikolaus"]
[Black "Manush Shah"]
[Result "1/2-1/2"]
[WhiteElo "2520"]
[BlackElo "2322"]
[Annotator "ChessBase"]
[PlyCount "68"]
[EventDate "2020.02.14"]
[EventType "swiss"]
[EventCountry "AUT"]
[SourceTitle "playchess.com"]
[Source "ChessBase"]
[SourceQuality "1"]
[TimeControl "40/5400+30:1800+30"]

1. e4 {[%emt 0:02:22]} c5 {[%emt 0:00:34]} 2. Nc3 {[%emt 0:00:11]} Nc6 {[%emt 0:00:26]} 3. g3 {[%emt 0:00:07]} g6 {[%emt 0:00:18]} 4. Bg2 {[%emt 0:00:06]} Bg7 {[%emt 0:00:06]} 5. d3 {[%emt 0:00:08]} e6 {[%emt 0:02:40]} 6. Be3 {[%emt 0:00:25]} d6 {[%emt 0:02:17]} 7. Qd2 {[%emt 0:00:17]} Qa5 {[%emt 0:01:46]} 8. Nf3 {[%emt 0:02:39]} Nd4 {[%emt 0:00:35]} 9. O-O {[%emt 0:00:57]} Ne7 {[%emt 0:00:33]} 10. a3 {[%emt 0:06:12]} Nec6 {[%emt 0:03:39]} 11. Rac1 {[%emt 0:07:27]} O-O {[%emt 0:02:08]} 12. h3 {[%emt 0:04:40]} Nxf3+ {[%emt 0:09:28]} 13. Bxf3 {[%emt 0:00:08]} Rb8 {[%emt 0:00:29]} 14. Bg2 {[%emt 0:03:35]} b5 {[%emt 0:02:56]} 15. Bh6 {[%emt 0:02:06]} b4 {[%emt 0:11:47]} 16. Bxg7 {[%emt 0:00:48]} Kxg7 {[%emt 0:00:03]} 17. axb4 {[%emt 0:01:03]} Qxb4 {[%emt 0:00:34]} 18. Ra1 {[%emt 0:02:35]} Bd7 {[%emt 0:05:05]} 19. Rfb1 {[%emt 0:04:17]} Rfc8 {[%emt 0:04:12]} 20. Qd1 {[%emt 0:02:01]} Rc7 {[%emt 0:02:24]} 21. Na2 {[%emt 0:06:58]} Qb6 {[%emt 0:02:07]} 22. c3 {[%emt 0:00:19]} Qb3 {[%emt 0:02:18]} 23. Qd2 {[%emt 0:01:07]} e5 {[%emt 0:05:52]} 24. Nc1 Qb6 {[%emt 0:02:26]} 25. h4 {[%emt 0:02:55]} h5 {[%emt 0:02:06]} 26. Bf3 {[%emt 0:00:40]} Rcb7 {[%emt 0:01:23]} 27. Bd1 {[%emt 0:02:14]} Qd8 {[%emt 0:02:49]} 28. Bf3 {[%emt 0:05:13]} Qf6 {[%emt 0:00:35]} 29. Bg2 {[%emt 0:00:15]} Rb6 {[%emt 0:01:58]} 30. Ne2 {[%emt 0:03:37]} Bg4 {[%emt 0:02:25]} 31. Ra2 {[%emt 0:02:29]} Qe6 {[%emt 0:05:10]} 32. Raa1 {[%emt 0:00:29]} Qf6 {[%emt 0:00:11]} 33. Ra2 {[%emt 0:00:15]} Qe6 {[%emt 0:00:39]} 34. Raa1 {[%emt 0:00:07]} Qf6 1/2-1/2

[Event "AUT-ch Open 2020"]
[Site "Graz"]
[Date "2020.02.19"]
[Round "7.24"]
[White "Godzwon, Iwo"]
[Black "Diermair, Andreas"]
[Result "1/2-1/2"]
[WhiteElo "2321"]
[BlackElo "2483"]
[Annotator "ChessBase"]
[PlyCount "111"]
[EventDate "2020.02.14"]
[EventType "swiss"]
[EventCountry "AUT"]
[SourceTitle "playchess.com"]
[Source "ChessBase"]
[SourceQuality "1"]
[TimeControl "40/5400+30:1800+30"]

1. e4 {[%emt 0:00:00]} e5 {[%emt 0:00:00]} 2. Nf3 {[%emt 0:00:00]} Nc6 {[%emt 0:00:00]} 3. Bb5 {[%emt 0:00:00]} a6 {[%emt 0:00:07]} 4. Ba4 {[%emt 0:00:00]} Nf6 {[%emt 0:00:06]} 5. O-O {[%emt 0:00:00]} Be7 {[%emt 0:00:38]} 6. Re1 {[%emt 0:00:00]} b5 {[%emt 0:00:03]} 7. Bb3 {[%emt 0:00:00]} O-O {[%emt 0:00:25]} 8. c3 {[%emt 0:00:00]} d6 {[%emt 0:00:13]} 9. h3 {[%emt 0:00:02]} Bb7 {[%emt 0:01:03]} 10. d4 {[%emt 0:00:11]} Re8 {[%emt 0:00:04]} 11. Nbd2 {[%emt 0:03:39]} Bf8 {[%emt 0:02:38]} 12. a3 {[%emt 0:00:06]} h6 {[%emt 0:00:08]} 13. d5 {[%emt 0:01:08]} Na5 {[%emt 0:02:31]} 14. Bc2 {[%emt 0:08:49]} c6 {[%emt 0:02:30]} 15. b4 {[%emt 0:06:25]} Nc4 {[%emt 0:00:06]} 16. Nxc4 {[%emt 0:00:02]} bxc4 {[%emt 0:00:05]} 17. Ba4 {[%emt 0:00:01]} cxd5 {[%emt 0:12:29]} 18. Bxe8 {[%emt 0:00:04]} Qxe8 {[%emt 0:04:15]} 19. exd5 {[%emt 0:00:05]} Qd7 {[%emt 0:01:54]} 20. Qe2 {[%emt 0:04:17]} Rc8 {[%emt 0:03:04]} 21. Nd2 {[%emt 0:07:07]} Bxd5 {[%emt 0:07:59]} 22. f3 {[%emt 0:00:38]} Be6 {[%emt 0:02:57]} 23. Nf1 {[%emt 0:05:56]} Nd5 {[%emt 0:05:53]} 24. Bd2 {[%emt 0:00:03]} Bf5 {[%emt 0:03:16]} 25. a4 {[%emt 0:01:13]} Be7 {[%emt 0:02:50]} 26. Qf2 {[%emt 0:02:56]} Bd3 {[%emt 0:03:46]} 27. Kh2 {[%emt 0:06:22]} f5 {[%emt 0:02:48]} 28. Ne3 {[%emt 0:01:01]} Nf6 {[%emt 0:02:18]} 29. Nd1 {[%emt 0:01:52]} f4 {[%emt 0:10:43]} 30. Qb6 {[%emt 0:01:47]} Rc6 {[%emt 0:01:25]} 31. Qf2 {[%emt 0:02:55]} Bd8 {[%emt 0:06:10]} 32. a5 {[%emt 0:00:23]} Qb7 {[%emt 0:05:43]} 33. Nb2 {[%emt 0:00:50]} Bf5 {[%emt 0:00:41]} 34. Qe2 {[%emt 0:00:05]} Qc8 {[%emt 0:03:56]} 35. Qf2 {[%emt 0:06:01]} Nh5 {[%emt 0:05:20]} 36. Na4 {[%emt 0:00:24]} Qb7 {[%emt 0:01:02]} 37. Nb6 {[%emt 0:01:14]} Kh7 {[%emt 0:00:55]} 38. Ra2 {[%emt 0:03:27]} Bd3 {[%emt 0:03:06]} 39. Bc1 {[%emt 0:01:46]} Ng3 {[%emt 0:01:45]} 40. Rd1 {[%emt 0:01:34]} Bxb6 {[%emt 0:01:16]} 41. axb6 {[%emt 0:30:03]} Rxb6 {[%emt 0:30:16]} 42. Bd2 {[%emt 0:02:18]} Bf5 {[%emt 0:00:00]} 43. Rda1 {[%emt 0:00:00]} Bc8 {[%emt 0:00:00]} 44. Be1 {[%emt 0:00:00]} Nf5 {[%emt 0:00:00]} 45. Qc2 {[%emt 0:00:00]} d5 {[%emt 0:00:00]} 46. Bf2 {[%emt 0:00:00]} Rg6 {[%emt 0:00:00]} 47. Re1 {[%emt 0:00:00]} Qc7 {[%emt 0:00:00]} 48. Ra5 {[%emt 0:00:00]} Qd6 {[%emt 0:00:00]} 49. Rd1 {[%emt 0:00:00]} Be6 {[%emt 0:00:00]} 50. Raxd5 {[%emt 0:00:00]} Bxd5 {[%emt 0:00:00]} 51. Qxf5 {[%emt 0:00:00]} Qc6 {[%emt 0:02:29]} 52. Bc5 {[%emt 0:00:00]} Qe6 {[%emt 0:00:33]} 53. Qxe6 {[%emt 0:00:00]} Bxe6 {[%emt 0:00:03]} 54. Re1 {[%emt 0:00:00]} Bf5 {[%emt 0:00:12]} 55. Rxe5 {[%emt 0:00:00]} Bd3 {[%emt 0:00:03]} 56. Kg1 {[%emt 0:00:00]} 1/2-1/2

[Event "AUT-ch Open 2020"]
[Site "Graz"]
[Date "2020.02.19"]
[Round "7.25"]
[White "Schnider, Gert"]
[Black "Ongut, Tamas Gunes"]
[Result "1-0"]
[WhiteElo "2429"]
[BlackElo "2302"]
[Annotator "ChessBase"]
[PlyCount "119"]
[EventDate "2020.02.14"]
[EventType "swiss"]
[EventCountry "AUT"]
[SourceTitle "playchess.com"]
[Source "ChessBase"]
[SourceQuality "1"]
[TimeControl "40/5400+30:1800+30"]

1. e4 {[%emt 0:00:00]} e5 {[%emt 0:00:00]} 2. Nf3 {[%emt 0:00:00]} Nc6 {[%emt 0:00:00]} 3. Bb5 {[%emt 0:00:00]} a6 {[%emt 0:00:00]} 4. Ba4 {[%emt 0:00:00]} Nf6 {[%emt 0:00:02]} 5. O-O {[%emt 0:00:00]} Be7 {[%emt 0:00:07]} 6. d3 {[%emt 0:00:20]} b5 {[%emt 0:00:09]} 7. Bb3 {[%emt 0:00:02]} d6 {[%emt 0:00:06]} 8. a3 {[%emt 0:00:49]} O-O {[%emt 0:00:36]} 9. h3 {[%emt 0:00:04]} Bb7 {[%emt 0:02:53]} 10. Nc3 {[%emt 0:00:11]} Qd7 {[%emt 0:01:55]} 11. Re1 {[%emt 0:08:04]} h6 {[%emt 0:06:37]} 12. Be3 {[%emt 0:05:50]} Rfe8 {[%emt 0:13:04]} 13. Qd2 {[%emt 0:10:40]} Bf8 {[%emt 0:00:28]} 14. Nh4 {[%emt 0:01:37]} Nd4 {[%emt 0:09:02]} 15. Bxd4 {[%emt 0:03:28]} exd4 {[%emt 0:00:10]} 16. Ne2 {[%emt 0:00:39]} d5 {[%emt 0:04:37]} 17. exd5 {[%emt 0:01:20]} Bxd5 {[%emt 0:02:39]} 18. Bxd5 {[%emt 0:00:45]} Qxd5 {[%emt 0:00:12]} 19. Nf3 {[%emt 0:01:28]} c5 {[%emt 0:06:00]} 20. a4 {[%emt 0:02:03]} b4 {[%emt 0:03:07]} 21. b3 {[%emt 0:01:53]} Bd6 {[%emt 0:01:50]} 22. Rf1 {[%emt 0:06:00]} Re7 {[%emt 0:03:12]} 23. Rae1 {[%emt 0:00:07]} Rae8 {[%emt 0:00:13]} 24. Nc1 {[%emt 0:00:39]} Kf8 {[%emt 0:03:20]} 25. Rxe7 {[%emt 0:00:14]} Rxe7 {[%emt 0:00:07]} 26. Re1 {[%emt 0:00:09]} Rxe1+ {[%emt 0:00:34]} 27. Qxe1 {[%emt 0:00:27]} Qf5 {[%emt 0:00:39]} 28. Kf1 {[%emt 0:01:34]} g5 {[%emt 0:06:38]} 29. Ne2 {[%emt 0:01:43]} g4 {[%emt 0:08:54]} 30. hxg4 {[%emt 0:00:23]} Nxg4 {[%emt 0:00:16]} 31. Neg1 {[%emt 0:01:17]} Nf6 {[%emt 0:06:01]} 32. Nd2 {[%emt 0:08:16]} Ng4 {[%emt 0:03:00]} 33. Ndf3 {[%emt 0:00:46]} Nf6 {[%emt 0:00:10]} 34. Qe2 {[%emt 0:09:36]} Nd5 {[%emt 0:02:55]} 35. Qe4 {[%emt 0:01:06]} Qxe4 {[%emt 0:02:26]} 36. dxe4 {[%emt 0:00:01]} Nc3 {[%emt 0:00:08]} 37. e5 {[%emt 0:00:36]} Bc7 {[%emt 0:00:15]} 38. Ne2 {[%emt 0:00:17]} Ke7 {[%emt 0:08:03]} 39. Nf4 {[%emt 0:01:05]} f6 {[%emt 0:03:37]} 40. exf6+ {[%emt 0:03:02]} Kxf6 {[%emt 0:00:04]} 41. Nd3 {[%emt 0:30:23]} Bd6 {[%emt 0:11:11]} 42. Nd2 {[%emt 0:00:00]} Ke6 {[%emt 0:04:43]} 43. g3 {[%emt 0:00:00]} Kd5 {[%emt 0:00:40]} 44. Kg2 {[%emt 0:00:00]} a5 {[%emt 0:05:29]} 45. Kf3 {[%emt 0:00:00]} Bc7 {[%emt 0:00:30]} 46. Kg4 {[%emt 0:00:00]} Bd6 {[%emt 0:06:48]} 47. Kh5 {[%emt 0:00:00]} Ne4 {[%emt 0:00:19]} 48. Nc4 {[%emt 0:00:00]} Bxg3 {[%emt 0:03:41]} 49. fxg3 {[%emt 0:00:00]} Nxg3+ {[%emt 0:00:07]} 50. Kxh6 {[%emt 0:00:00]} Nf5+ {[%emt 0:01:24]} 51. Kg5 {[%emt 0:00:00]} Ne3 {[%emt 0:00:05]} 52. Nxe3+ {[%emt 0:00:00]} dxe3 {[%emt 0:00:07]} 53. Kf4 {[%emt 0:00:00]} Kd4 {[%emt 0:00:36]} 54. Kf3 {[%emt 0:03:07]} c4 {[%emt 0:00:22]} 55. bxc4 {[%emt 0:06:25]} Kxc4 {[%emt 0:01:48]} 56. Kxe3 {[%emt 0:01:04]} b3 {[%emt 0:00:49]} 57. Kd2 {[%emt 0:00:33]} bxc2 {[%emt 0:00:40]} 58. Kxc2 {[%emt 0:00:02]} Kd4 {[%emt 0:00:16]} 59. Nb2 {[%emt 0:00:11]} Kd5 {[%emt 0:01:49]} 60. Kc3 1-0

[Event "AUT-ch Open 2020"]
[Site "Graz"]
[Date "2020.02.19"]
[Round "7.26"]
[White "Rieger, Robert"]
[Black "Halvax, Georg"]
[Result "1/2-1/2"]
[WhiteElo "2320"]
[BlackElo "2428"]
[Annotator "NA"]
[PlyCount "70"]
[EventDate "2020.02.14"]
[EventType "swiss"]
[EventCountry "AUT"]
[SourceTitle "playchess.com"]
[Source "ChessBase"]
[SourceQuality "1"]
[TimeControl "40/5400+30:1800+30"]

1. e4 {[%emt 0:00:00]} e5 {[%emt 0:00:00]} 2. Nf3 {[%emt 0:00:00]} Nc6 {[%emt 0:00:00]} 3. d4 {[%emt 0:00:00]} exd4 {[%emt 0:00:00]} 4. Nxd4 {[%emt 0:00:00]} Bb4+ {[%emt 0:00:01]} 5. c3 {[%emt 0:00:44]} Bc5 {[%emt 0:00:07]} 6. Nf5 {[%emt 0:12:50]} g6 {[%emt 0:02:17]} 7. Be3 {[%emt 0:08:02]} Bxe3 {[%emt 0:00:27]} 8. Nxe3 {[%emt 0:00:08]} Nf6 {[%emt 0:00:19]} 9. Bd3 {[%emt 0:02:04]} O-O {[%emt 0:00:53]} 10. c4 {[%emt 0:01:35]} Re8 {[%emt 0:08:16]} 11. Nc3 {[%emt 0:00:50]} d6 {[%emt 0:02:16]} 12. O-O {[%emt 0:04:26]} Ne5 {[%emt 0:02:34]} 13. Be2 {[%emt 0:04:14]} Ned7 {[%emt 0:05:21]} 14. f3 {[%emt 0:05:38]} b6 {[%emt 0:03:13]} 15. Qd2 {[%emt 0:03:40]} a5 {[%emt 0:04:24]} 16. Ncd5 {[%emt 0:07:12]} Bb7 {[%emt 0:03:41]} 17. Nc2 {[%emt 0:04:14]} b5 {[%emt 0:05:09]} 18. Rab1 {[%emt 0:06:19]} bxc4 {[%emt 0:01:35]} 19. Bxc4 {[%emt 0:00:29]} Ne5 {[%emt 0:01:37]} 20. Nxf6+ {[%emt 0:01:08]} Qxf6 {[%emt 0:04:03]} 21. Qc3 {[%emt 0:00:08]} Kg7 {[%emt 0:01:52]} 22. Rfd1 {[%emt 0:07:05]} c6 {[%emt 0:05:46]} 23. Ne3 {[%emt 0:03:27]} Red8 {[%emt 0:08:49]} 24. Rd2 {[%emt 0:04:32]} d5 {[%emt 0:17:12]} 25. exd5 {[%emt 0:01:10]} Nxc4 {[%emt 0:00:25]} 26. Nxc4 {[%emt 0:01:34]} cxd5 {[%emt 0:01:40]} 27. Nxa5 {[%emt 0:07:16]} d4 {[%emt 0:00:52]} 28. Qb4 {[%emt 0:00:13]} Qf5 {[%emt 0:04:24]} 29. Rbd1 {[%emt 0:03:13]} Bxf3 {[%emt 0:00:07]} 30. gxf3 {[%emt 0:00:29]} Rxa5 {[%emt 0:01:11]} 31. Rxd4 {[%emt 0:01:08]} Qxf3 {[%emt 0:16:18]} 32. Qxa5 {[%emt 0:01:09]} Qe3+ {[%emt 0:00:06]} 33. Kf1 {[%emt 0:02:18]} Qf3+ {[%emt 0:00:18]} 34. Kg1 {[%emt 0:00:05]} Qe3+ {[%emt 0:00:06]} 35. Kf1 {[%emt 0:00:04]} Qf3+ {[%emt 0:01:28]} 1/2-1/2

[Event "AUT-ch Open 2020"]
[Site "Graz"]
[Date "2020.02.19"]
[Round "7.27"]
[White "Li, Henry"]
[Black "Hoefelsauer, Thomas"]
[Result "0-1"]
[WhiteElo "2310"]
[BlackElo "2390"]
[Annotator "NA"]
[PlyCount "59"]
[EventDate "2020.02.14"]
[EventType "swiss"]
[EventCountry "AUT"]
[SourceTitle "playchess.com"]
[Source "ChessBase"]
[SourceQuality "1"]
[TimeControl "40/5400+30:1800+30"]

1. e4 {[%emt 0:00:00]} c6 {[%emt 0:00:00]} 2. d4 {[%emt 0:00:00]} d5 {[%emt 0:00:00]} 3. e5 {[%emt 0:00:00]} c5 {[%emt 0:00:00]} 4. dxc5 {[%emt 0:00:04]} e6 {[%emt 0:00:00]} 5. a3 {[%emt 0:00:10]} Bxc5 {[%emt 0:00:00]} 6. b4 {[%emt 0:00:14]} Bb6 {[%emt 0:00:00]} 7. Nf3 {[%emt 0:00:13]} a5 {[%emt 0:00:03]} 8. b5 {[%emt 0:04:56]} Nd7 {[%emt 0:00:07]} 9. Bb2 {[%emt 0:03:03]} a4 {[%emt 0:00:21]} 10. Bd3 {[%emt 0:02:03]} Nc5 {[%emt 0:00:16]} 11. O-O {[%emt 0:03:20]} Ne7 {[%emt 0:00:09]} 12. Re1 {[%emt 0:03:16]} Nxd3 {[%emt 0:01:32]} 13. Qxd3 {[%emt 0:00:50]} Bd7 {[%emt 0:04:32]} 14. Nbd2 {[%emt 0:10:56]} O-O {[%emt 0:02:42]} 15. Bd4 {[%emt 0:13:54]} Nf5 {[%emt 0:12:40]} 16. Bxb6 {[%emt 0:00:39]} Qxb6 {[%emt 0:00:03]} 17. Rab1 {[%emt 0:05:35]} Rfd8 {[%emt 0:04:25]} 18. c4 {[%emt 0:20:29]} Be8 {[%emt 0:04:27]} 19. Rec1 {[%emt 0:05:11]} Rac8 {[%emt 0:07:40]} 20. cxd5 {[%emt 0:09:25]} Rxc1+ {[%emt 0:00:55]} 21. Rxc1 {[%emt 0:00:01]} Rxd5 {[%emt 0:00:25]} 22. Rc8 {[%emt 0:00:06]} Kf8 {[%emt 0:00:13]} 23. Qc2 {[%emt 0:02:22]} Qxb5 {[%emt 0:04:51]} 24. Ng5 {[%emt 0:04:34]} Nd4 {[%emt 0:06:39]} 25. Qxh7 {[%emt 0:03:26]} Ne2+ {[%emt 0:22:07]} 26. Kh1 {[%emt 0:00:01]} Rxd2 {[%emt 0:00:23]} 27. h4 {[%emt 0:01:44]} Nf4 {[%emt 0:04:08]} 28. Kh2 {[%emt 0:01:13]} Ng6 {[%emt 0:03:07]} 29. Nf3 {[%emt 0:02:36]} Rxf2 {[%emt 0:01:44]} 30. h5 {[%emt 0:00:04]} 0-1